Länder Ostasiens zuordnen - Statistiken

Allgemein
  • Dieses Quiz wurde 61 mal gespielt
  • Das Durchschnittsergebnis liegt bei 20 aus 23
Antworten auf der Karte
Die Antworten werden auf der Karte rot bzw. grün angezeigt, abhängig davon wie oft sie richtig erraten wurden.
 
Antwortstatistiken
Antwort % Korrekt
Südkorea
97%
Japan
95%
Nordkorea
95%
China
92%
Indien
92%
Nepal
92%
Sri Lanka
92%
Indonesien
89%
Mongolei
89%
Brunei
86%
Laos
86%
Malaysia
86%
Malediven
86%
Osttimor
86%
Philippinen
86%
Singapur
86%
Taiwan
86%
Thailand
86%
Bangladesch
84%
Bhutan
81%
Myanmar
81%
Vietnam
81%
Kambodscha
78%
Keine übereinstimmenden Quizze gefunden
Verteilung der Resultate
Anzahl Personen mit jedem Resultat
Perzentil nach korrekt beantworteten Fragen
Ihre Resultats-Entwicklung
Sie haben dieses Quiz noch nicht gespielt